[Event "WchT U26"]
[Site "Graz"]
[Date "1972.??.??"]
[Round "2"]
[White "Ghizdavu, Dumitru"]
[Black "Huebner, Robert"]
[Result "1/2-1/2"]
[WhiteElo "2385"]
[BlackElo "2590"]

1.e4 c5 2.Nf3 e6 3.d4 cxd4 4.Nxd4 Nf6 5.Nc3 d6 6.g4 a6 7.g5 Nfd7 8.Bg2 Nc6
9.f4 h6 10.h4 Nb6 11.Qd3 Qc7 12.Be3 hxg5 13.hxg5 Rxh1+ 14.Bxh1 Nb4 15.Qe2 Nc4
16.O-O-O Nxe3 17.Qxe3 Bd7 18.g6 fxg6 19.f5 e5 20.Ne6 Bxe6 21.fxe6 Qc4 22.Kb1 Rc8
23.Bf3 Qxe6 24.a3 Rxc3 25.Qxc3 Qa2+ 26.Kc1 Nc6 27.Be2 Be7 28.Kd2 Bg5+ 29.Ke1 Qe6
30.Qb3 Qf6 31.Qf3 Nd4 32.Qxf6 gxf6 33.c3 Nxe2 34.Kxe2 Kd7 35.Rh1 b5 36.Kd3 Kc6
37.Rh7 f5 38.Ra7 Kb6 39.Rg7 fxe4+ 40.Kxe4 Bc1 41.b4 Bxa3 42.Rxg6 a5 43.Rxd6+ Kc7
44.Rd2 axb4 45.cxb4 Bxb4 46.Rb2 Bd6 47.Rxb5  1/2-1/2

[Event "WchT U26"]
[Site "Graz"]
[Date "1972.??.??"]
[Round "8"]
[White "Huebner, Robert"]
[Black "Rogoff, Kenneth"]
[Result "1/2-1/2"]
[WhiteElo "2590"]
[BlackElo "2430"]

1.c4 Nf6 2.Nf3 g6 3.Ng1 Bg7 4.Qa4 O-O 5.Qxd7 Qxd7 6.g4 Qxd2+ 7.Kxd2 Nxg4
8.b4 a5 9.a4 Bxa1 10.Bb2 Nc6 11.Bh8 Bg7 12.h4 axb4  1/2-1/2

[Event "Solingen m"]
[Site "Solingen"]
[Date "1973.??.??"]
[Round "1"]
[White "Huebner, Robert"]
[Black "Kortschnoj, Viktor"]
[Result "0-1"]
[WhiteElo "2600"]
[BlackElo "2650"]

1.Nf3 Nf6 2.c4 g6 3.Nc3 d5 4.cxd5 Nxd5 5.g3 Bg7 6.Bg2 e5 7.O-O Ne7 8.d3 Nbc6
9.Bd2 O-O 10.Rc1 Nd4 11.Nxd4 exd4 12.Ne4 h6 13.Qb3 b6 14.Qc4 c6 15.Bb4 Bd7
16.Qa6 c5 17.Ba3 Bc8 18.Qa4 a5 19.Qc2 Nd5 20.Rce1 Re8 21.b3 Ra7 22.Bb2 Rae7
23.Qd1 f5 24.Nd2 b5 25.Bxd5+ Qxd5 26.f3 a4 27.Rf2 Ra7 28.Qc2 Be6 29.Rb1 g5
30.Bc1 a3 31.Nf1 c4 32.bxc4 bxc4 33.Nd2 cxd3 34.exd3 Qxa2 35.Qxa2 Bxa2 36.Ra1 Rc8
37.Nf1 Bd5 38.Rxa3 Rxa3 39.Bxa3 Rc3 40.Bb2 Rxd3 41.Rd2 Rxd2 42.Nxd2 f4 43.gxf4 gxf4
44.Bc1 d3 45.Kg2 Kf7 46.Nb1 Ba2 47.Nd2 Bd4 48.Nf1 Be5 49.Nd2 Bd5 50.Nb1 Ke6
51.Bd2 h5 52.Bb4 Bd4 53.Nd2 Be3 54.Bc3 Kf5 55.Nf1 h4 56.Nd2 Kg6 57.Ba5 Be6
58.Ne4 h3+ 59.Kf1 Bd5 60.Nd2 Kf5 61.Bc3 Ke6 62.Bb4 Kd7 63.Bc3 Kd6 64.Bb4+ Kc6
65.Bc3 Kb5 66.Ke1 Bg1 67.Nf1 Bxf3 68.Bd2 Be2 69.Bxf4 Bxf1 70.Kxf1 Bc5 71.Ke1 Kc4
72.Kd2 Bb4+ 73.Ke3 Kc3 74.Kf2 Kc2  0-1

[Event "Solingen m"]
[Site "Solingen"]
[Date "1973.??.??"]
[Round "2"]
[White "Kortschnoj, Viktor"]
[Black "Huebner, Robert"]
[Result "1-0"]
[WhiteElo "2650"]
[BlackElo "2600"]

1.c4 e5 2.Nc3 Nf6 3.Nf3 Nc6 4.e4 Bc5 5.Nxe5 Nxe5 6.d4 Bb4 7.dxe5 Nxe4 8.Qd4 Nxc3
9.bxc3 Ba5 10.Ba3 d6 11.exd6 O-O 12.O-O-O cxd6 13.Qxd6 Qxd6 14.Bxd6 Re8 15.Kb2 Bd7
16.Bd3 Bc6 17.f3 Re6 18.c5 Rae8 19.Rd2 g6 20.Bc4 Re3 21.Rc1 Rd8 22.Rd4 Kg7
23.Bd5 Bxd5 24.Rxd5 f5 25.Rd4 g5 26.f4 gxf4 27.Ra4 b6 28.Bxf4 Re6 29.cxb6 Bxb6
30.Rc4 Rd7 31.g3 Be3 32.Bxe3 Rxe3 33.Rc2 Kg6 34.a4 Re4 35.Kb3 h5 36.Rf2 Kg5
37.Rf4 Rb7+ 38.Ka3 Re2 39.h4+ Kf6 40.Rc6+ Re6 41.Rxe6+ Kxe6 42.a5 Ke5 43.c4 a6
44.Rf3 Kd4 45.Rxf5 Kxc4 46.Ka2 Re7 47.Rxh5 Re2+ 48.Kb1 Rg2 49.Rg5 Kc3 50.h5 Rg1+
51.Ka2 Rg2+ 52.Ka3 Rg1 53.Rc5+ Kd4 54.Rc6 Rxg3+ 55.Kb4 Rg1 56.Rc4+ Kd5 57.Rh4 Rb1+
58.Kc3 Rc1+ 59.Kd3 Rc7 60.h6 Rh7 61.Rh5+ Ke6 62.Ke4 Kf7 63.Kd5 Kg8 64.Kc6 Rf7
65.h7+ Kh8 66.Rh6  1-0

[Event "Solingen m"]
[Site "Solingen"]
[Date "1973.??.??"]
[Round "6"]
[White "Kortschnoj, Viktor"]
[Black "Huebner, Robert"]
[Result "1/2-1/2"]
[WhiteElo "2650"]
[BlackElo "2600"]

1.d4 Nf6 2.c4 e6 3.Nf3 b6 4.g3 Bb7 5.Bg2 Be7 6.O-O O-O 7.Nc3 Ne4 8.Qc2 Nxc3
9.Qxc3 Be4 10.Ne1 Bxg2 11.Nxg2 c6 12.d5 Bf6 13.Qd2 exd5 14.cxd5 cxd5 15.Qxd5 Nc6
16.Rd1 Qe7 17.Ne3 Rfd8 18.Rb1 Qe6 19.b3 Ne7 20.Qf3 Rac8 21.Ba3 d6 22.Rd3 Ng6
23.Qd5 Qh3 24.Rbd1 Ne5 25.Rd4 h5 26.Qg2 Qxg2+ 27.Nxg2 Nf3+ 28.exf3 Bxd4 29.Rxd4 Rc2
30.Nf4 Rxa2 31.Bxd6 g6 32.Nd3 Ra1+ 33.Kg2 Rd1 34.b4 a5 35.bxa5 bxa5 36.f4 a4
37.Rxa4  1/2-1/2

[Event "Solingen m"]
[Site "Solingen"]
[Date "1973.??.??"]
[Round "7"]
[White "Huebner, Robert"]
[Black "Kortschnoj, Viktor"]
[Result "1/2-1/2"]
[WhiteElo "2600"]
[BlackElo "2650"]

1.c4 e5 2.g3 c6 3.Nf3 e4 4.Nd4 d5 5.cxd5 Qxd5 6.e3 Nf6 7.Nc3 Qe5 8.Bg2 Bc5
9.Nb3 Bb6 10.f3 exf3 11.Qxf3 Qf5 12.Na4 O-O 13.O-O Qxf3 14.Bxf3 Re8 15.Nbc5 Nbd7
16.b4 Nxc5 17.bxc5 Ba5 18.Rd1 Bg4 19.Bxg4 Nxg4 20.Bb2 b5 21.cxb6 axb6 22.Bd4 c5
23.Bc3 Bxc3 24.Nxc3 Red8 25.Rab1 Ra6  1/2-1/2

[Event "Solingen m"]
[Site "Solingen"]
[Date "1973.??.??"]
[Round "8"]
[White "Kortschnoj, Viktor"]
[Black "Huebner, Robert"]
[Result "1/2-1/2"]
[WhiteElo "2650"]
[BlackElo "2600"]

1.d4 Nf6 2.c4 e6 3.Nc3 d5 4.Bg5 Be7 5.e3 O-O 6.Nf3 h6 7.Bh4 b6 8.Be2 Bb7
9.Bxf6 Bxf6 10.cxd5 exd5 11.O-O Nd7 12.Qb3 c6 13.Rad1 Be7 14.Rfe1 Nf6 15.Ne5 Bd6
16.f4 Qe7 17.Bf3 Rfe8 18.e4 dxe4 19.Nxe4 Nxe4 20.Bxe4 Qe6 21.Qxe6 Rxe6 22.Rc1 Rae8
23.Bxc6 Bxc6 24.Rxc6 Rd8 25.Rc2 Ree8 26.Kf2 g5 27.fxg5 hxg5 28.Nc6 Rxe1 29.Kxe1 Rd7
30.h3 f5 31.Ke2 Kf7 32.Kd3 a6 33.Re2 Kf6 34.Re8 Bh2 35.Kc4 g4 36.hxg4 fxg4
37.Ra8 Rd6 38.d5 Bg1 39.Rxa6 b5+ 40.Kc3 Kg5 41.Nb4 Rd7 42.a4 bxa4 43.Rxa4 Kh4  1/2-1/2

[Event "EUCup final"]
[Site "Solingen"]
[Date "1976.??.??"]
[Round "?"]
[White "Huebner, Robert"]
[Black "Smyslov, Vassily"]
[Result "1/2-1/2"]
[WhiteElo "2585"]
[BlackElo "2580"]

1.c4 e5 2.Nc3 Nc6 3.Nf3 Nf6 4.d3 d6 5.g3 g6 6.Bg2 Bg7 7.O-O O-O 8.Rb1 a5
9.a3 Nd4 10.Nxd4 exd4 11.Nb5 Ng4 12.h3 c6 13.hxg4 Bxg4 14.a4 cxb5 15.axb5 Re8
16.Bf3 Bxf3 17.exf3 d5 18.b3 dxc4 19.bxc4 Bf8 20.Ra1 b6 21.f4 Qd7 22.Qf3 h5
23.Kg2 Qg4 24.Ba3 Bxa3 25.Rxa3 Qxf3+ 26.Kxf3 Rac8 27.f5 Rc5 28.fxg6 fxg6
29.Raa1 Rce5 30.Kg2 g5 31.Rfc1 Rc8 32.Re1 Rce8 33.Rec1 Ra8 34.c5 Rxc5 35.Rxc5 bxc5
36.Rc1 Rc8 37.b6 Kh7 38.b7 Rb8 39.Rxc5 Rxb7 40.Rxg5 Ra7 41.Rxh5+ Kg6 42.g4 a4
43.Kf3 a3 44.Rh1 a2 45.Ra1 Kg5 46.Kg3 Ra3 47.f3 Kf6 48.Kf4 Ra8 49.Ke4 Kg5
50.Ke5 Ra4  1/2-1/2

[Event "Hamburg m"]
[Site "Hamburg"]
[Date "1979.??.??"]
[Round "1"]
[White "Huebner, Robert"]
[Black "Hort, Vlastimil"]
[Result "1-0"]
[WhiteElo "2595"]
[BlackElo "2600"]

1.e4 c5 2.Nf3 d6 3.d4 cxd4 4.Nxd4 Nf6 5.Nc3 g6 6.Be3 Bg7 7.f3 Nc6 8.Qd2 Bd7
9.O-O-O O-O 10.h4 Rc8 11.g4 Qa5 12.Kb1 Rfd8 13.Nb3 Qc7 14.h5 Be6 15.hxg6 fxg6
16.Bh3 Nd7 17.Nd5 Bxd5 18.Qxd5+ Kh8 19.c3 Nf8 20.f4 e6 21.Qb5 b6 22.g5 Na5
23.f5 Nc4 24.Bc1 a6 25.Qxa6 Qc6 26.Bf1 exf5 27.Qxc4 Qxc4 28.Bxc4 Rxc4 29.exf5 gxf5
30.Rhf1 Be5 31.Rxf5 Ne6 32.Rf7 Rg8 33.Rb7 Nxg5 34.Rh1 Rg4 35.Bxg5 R8xg5 36.Rhxh7+ Kg8
37.Rhd7 Rg1+ 38.Nc1 Bg7 39.Rd8+ Bf8 40.Rbb8 Rf1 41.a3  1-0

[Event "Munich"]
[Site "Munich"]
[Date "1979.??.??"]
[Round "?"]
[White "Dankert, Peter"]
[Black "Huebner, Robert"]
[Result "0-1"]
[WhiteElo "2360"]
[BlackElo "2595"]

1.e4 c5 2.Nf3 e6 3.Nc3 Nc6 4.Bb5 Nge7 5.O-O a6 6.Bxc6 Nxc6 7.d4 cxd4 8.Nxd4 Be7
9.Be3 Qc7 10.f4 b5 11.Qg4 O-O 12.Nxc6 Qxc6 13.Bd4 f6 14.a3 a5 15.Rf3 b4 16.Rg3 Rf7
17.Ne2 Qxe4 18.Re3 Qd5 19.Rd1 bxa3 20.bxa3 Bb7 21.Kh1 Rc8 22.Nc3 Qc4 23.Rh3 e5
24.Qh4 g5  0-1

[Event "Munich"]
[Site "Munich"]
[Date "1979.??.??"]
[Round "?"]
[White "Huebner, Robert"]
[Black "Unzicker, Wolfgang"]
[Result "1/2-1/2"]
[WhiteElo "2595"]
[BlackElo "2530"]

1.c4 Nf6 2.Nf3 e6 3.g3 b6 4.Bg2 Bb7 5.O-O Be7 6.Nc3 O-O 7.Re1 d5 8.cxd5 Nxd5
9.Nxd5 Bxd5 10.d4 Nd7 11.Bf4 Nf6 12.Qc2 c5 13.e4 Bb7 14.Rad1 cxd4 15.Nxd4 Qc8
16.Qb1 Qc5 17.Nb3  1/2-1/2

[Event "Munich"]
[Site "Munich"]
[Date "1979.??.??"]
[Round "?"]
[White "Huebner, Robert"]
[Black "Stean, Michael"]
[Result "1/2-1/2"]
[WhiteElo "2595"]
[BlackElo "2540"]

1.c4 e6 2.g3 d5 3.Bg2 Nf6 4.Nf3 Be7 5.O-O O-O 6.d4 dxc4 7.Qc2 a6 8.a4 c5
9.dxc5 Nc6 10.Na3 Bxc5 11.Nxc4 Qe7 12.Nfe5 Nxe5 13.Nxe5 Nd5 14.Qb3 b6 15.Nd3 Bb7
16.Nxc5 bxc5 17.e4 Nb4 18.Be3 Rfc8 19.Rfc1 a5 20.Rc3 Ba6 21.Bf1 Rab8 22.Bxa6 Nxa6
23.Qc4 Rc6 24.Rb3 Nb4 25.Rd1 h6 26.Kg2 Rcc8 27.Rc3 Qb7 28.Rd6 Rc6 29.Bxc5 Rxc5
30.Qxc5 Qxe4+ 31.f3 Qb1 32.Rd2 Nd5 33.Rc1 Qf5 34.Qd4 Rb4 35.Qd3 Qxd3 36.Rxd3 Rxb2+
37.Kh3 Rb4 38.Rc8+ Kh7 39.Ra3 Nb6 40.Rc7 Kg6 41.f4 Kf6 42.f5 exf5 43.Rc6+ Kg5
44.Rd3 g6 45.Rd8 Nxa4 46.Rd7 Nb6 47.Rxf7 Nd5 48.Rd6 Ne3 49.Rg7  1/2-1/2

[Event "Bad Kissingen"]
[Site "Bad Kissingen"]
[Date "1980.??.??"]
[Round "?"]
[White "Unzicker, Wolfgang"]
[Black "Huebner, Robert"]
[Result "0-1"]
[WhiteElo "2510"]
[BlackElo "2600"]

1.d4 Nf6 2.c4 g6 3.g3 c5 4.d5 Bg7 5.Bg2 O-O 6.Nc3 d6 7.Nf3 e6 8.O-O exd5
9.cxd5 a6 10.a4 Re8 11.Nd2 Nbd7 12.Nc4 Ne5 13.Na3 Nh5 14.e3 f5 15.Bd2 Bd7
16.Qe2 Rb8 17.Rab1 Nf7 18.Bf3 f4 19.Bxh5 fxe3 20.Bxg6 hxg6 21.Bxe3 Bh3 22.Rfe1 Ne5
23.f3 Ng4 24.fxg4 Rxe3 25.Qxe3 Bd4 26.Nc2 Bxe3+ 27.Nxe3 Qe7 28.Ng2 Qf6 29.Re4 Rf8
30.Rf4 Qg7 31.Rbf1 Rxf4 32.Rxf4 g5 33.Re4 Bxg2 34.Kxg2 b5 35.axb5 axb5 36.Re8+ Kh7
37.Ne4 Qxb2+ 38.Kh3 Qc1 39.Kg2 Qc2+ 40.Kh3 Qd1  0-1

[Event "Bad Kissingen"]
[Site "Bad Kissingen"]
[Date "1980.??.??"]
[Round "?"]
[White "Huebner, Robert"]
[Black "Spassky, Boris V"]
[Result "1/2-1/2"]
[WhiteElo "2600"]
[BlackElo "2615"]

1.Nf3 Nf6 2.c4 e6 3.g3 d5 4.Bg2 Be7 5.O-O O-O 6.d4 dxc4 7.Qc2 a6 8.a4 b6
9.Ne5 Ra7 10.Rd1 Bb7 11.e4 Nc6 12.Nxc6 Bxc6 13.Nc3 Ba8 14.Qe2 c6 15.Qxc4 b5
16.Qe2 b4 17.e5 bxc3 18.exf6 c2 19.Qxc2 Bxf6 20.Be3 Rd7 21.Rac1 Rd6 22.b4 Qd7
23.Qe2 Rd8 24.Rd2 Bxd4 25.Rxd4 Rxd4 26.Bxd4 Qxd4 27.Qxa6 Qxb4 28.Bxc6 Qa3
29.Rb1 Bxc6 30.Qxc6 h5 31.h4 Qd3 32.Ra1 Qd4 33.Rb1 Qd2 34.Kg2 Rd5 35.Rb3 Rf5
36.Rf3 Qd5 37.Qxd5 Rxd5 38.Ra3 Ra5 39.Kf3 Kf8 40.Ke4 Ke7 41.Kd4 Kd6 42.Ke4 Ke7
43.Kd4 Kd6 44.Kc4 Kc6 45.Kb4 Rf5  1/2-1/2

[Event "Bad Kissingen"]
[Site "Bad Kissingen"]
[Date "1980.??.??"]
[Round "?"]
[White "Huebner, Robert"]
[Black "Karpov, Anatoly"]
[Result "1/2-1/2"]
[WhiteElo "2600"]
[BlackElo "2725"]

1.c4 e5 2.Nc3 Nf6 3.Nf3 Nc6 4.g3 Bb4 5.Nd5 Bc5 6.Bg2 O-O 7.O-O d6 8.d3 h6
9.e3 a5 10.b3 Nxd5 11.cxd5 Ne7 12.d4 exd4 13.Nxd4 Qd7 14.Bb2 c6 15.dxc6 bxc6
16.Qc2 Bb7 17.Rfd1 Rfd8 18.Rac1 Qe8 19.a3 Qf8 20.Qc3 Bb6 21.b4 axb4 22.axb4 Rab8
23.Nb3 Ba6 24.Ra1 Be2 25.Rd2 Bg4 26.Na5 d5 27.Nb3 Bc7 28.Nc5 Bd6 29.h3 Bc8
30.Rad1 f6 31.e4 Kh8 32.f4 Qf7 33.Kh2 Be6 34.Rd4 Bxc5 35.Qxc5 Rb5  1/2-1/2

[Event "Johannesburg"]
[Site "Johannesburg"]
[Date "1981.??.??"]
[Round "2"]
[White "Huebner, Robert"]
[Black "Kortschnoj, Viktor"]
[Result "1-0"]
[WhiteElo "2640"]
[BlackElo "2695"]

1.e4 e6 2.d4 d5 3.Nd2 c5 4.exd5 exd5 5.Bb5+ Nc6 6.Ngf3 Bd6 7.dxc5 Bxc5 8.O-O Ne7
9.Nb3 Bd6 10.Re1 O-O 11.Bg5 Qc7 12.c3 h6 13.Bxe7 Nxe7 14.Nbd4 a6 15.Bd3 Bd7
16.h3 Rfe8 17.Qb3 Bc5 18.Re2 Qb6 19.Ne5 Rad8 20.Nxd7 Rxd7 21.Qxb6 Bxb6 22.Nf5 Kf8
23.Rae1 d4 24.Bc2 Rc7 25.Nxd4 Bxd4 26.cxd4 Rd8 27.Rd1 Rcd7 28.Red2 Nc6 29.d5 Ne5
30.Bb3 Ke7 31.Ba4 b5 32.Bb3 g5 33.Rc2 h5 34.Rd4 g4 35.Re2 Kf6 36.Kh2 Re7
37.Rde4 Kf5 38.Kg3 f6 39.hxg4+ hxg4 40.Rxg4  1-0

[Event "Johannesburg"]
[Site "Johannesburg"]
[Date "1981.??.??"]
[Round "4"]
[White "Huebner, Robert"]
[Black "Kortschnoj, Viktor"]
[Result "1/2-1/2"]
[WhiteElo "2640"]
[BlackElo "2695"]

1.e4 e5 2.Nf3 Nc6 3.Bb5 a6 4.Ba4 Nf6 5.O-O Be7 6.Re1 b5 7.Bb3 d6 8.c3 O-O
9.h3 Na5 10.Bc2 c5 11.d4 Qc7 12.Nbd2 cxd4 13.cxd4 Nc6 14.Nb3 a5 15.Be3 a4
16.Nbd2 Bd7 17.a3 Rfe8 18.Bd3 Qb7 19.Qe2 Bd8 20.d5 Na5 21.Reb1 h6 22.Ne1 Bb6
23.b4 axb3 24.Nxb3 Bxe3 25.Qxe3 Qa7 26.Qxa7 Rxa7 27.Nd2 Rb7 28.Rc1 Reb8 29.Rc3 Be8
30.Be2 Kf8 31.f3 Bd7 32.Nd3 Rc8 33.Rac1 Rxc3 34.Rxc3 Ne8 35.Kf2 Rc7 36.Rxc7 Nxc7
37.Nb4 Ke7 38.h4 Na8 39.Ke3 Nb6 40.g3 g5  1/2-1/2

[Event "Luzern ol (Men)"]
[Site "Luzern"]
[Date "1982.??.??"]
[Round "5"]
[White "Huebner, Robert"]
[Black "Kortschnoj, Viktor"]
[Result "1/2-1/2"]
[WhiteElo "2630"]
[BlackElo "2635"]

1.e4 e5 2.Nf3 Nc6 3.Bb5 a6 4.Ba4 Nf6 5.O-O Nxe4 6.d4 b5 7.Bb3 d5 8.dxe5 Be6
9.c3 Bc5 10.Nbd2 O-O 11.Bc2 Bf5 12.Nb3 Bg6 13.Nfd4 Bxd4 14.cxd4 a5 15.Be3 a4
16.Nd2 a3 17.Nxe4 axb2 18.Rb1 Bxe4 19.Rxb2 Qd7 20.Bd3 Bxd3 21.Qxd3 b4 22.Bd2 Rfb8
23.Rfb1 Qg4 24.Be3 Rb6 25.h3 Qc8 26.Rc2 b3 27.Rxb3 Nb4 28.Rxb4 Rxb4 29.Rc5 Qd7
30.Qc3 Rb7 31.a3 h6 32.Bd2 Ra6 33.Qd3 Rc6 34.Ra5 Rb8 35.Qf3 Rd8 36.Bb4 Rc4
37.Qd3 Qc6 38.Kh2 Ra8 39.Rc5 Rxc5 40.Bxc5 Rb8 41.f4 g6 42.f5 gxf5 43.Qxf5 Rb2
44.Qf3 Qe6 45.Bb4 Rc2 46.Bc5 Kg7 47.h4 Qg6 48.Be7 Qe4 49.Qg3+ Kh7 50.Bf6 Qg6
51.Qf3 Qe4 52.Qg3 Qg6 53.Qf3 h5 54.Qxd5 Rc3 55.Bg5 Rxa3 56.Qc5 Qd3 57.Bf4 Rc3
58.Qf8 Qf5 59.Qh6+ Kg8 60.d5 Rc4 61.Bg3 Rd4 62.e6 fxe6 63.dxe6 Re4  1/2-1/2

[Event "Luzern ol (Men)"]
[Site "Luzern"]
[Date "1982.??.??"]
[Round "12"]
[White "Tringov, Georgi P"]
[Black "Huebner, Robert"]
[Result "1/2-1/2"]
[WhiteElo "2460"]
[BlackElo "2630"]

1.e4 c5 2.Nf3 e6 3.d4 cxd4 4.Nxd4 Nf6 5.Nc3 Nc6 6.Nxc6 bxc6 7.e5 Nd5 8.Ne4 Qc7
9.f4 Qb6 10.c4 Ne3 11.Qd3 Bb4+ 12.Bd2 Rb8 13.b3 O-O 14.Bxb4 Qxb4+ 15.Ke2 Nf5
16.g4 Ne7 17.Qd6 f6 18.Qxb4 Rxb4 19.exf6 gxf6 20.Nd6 a5 21.Kd2 Ba6 22.Bd3 Kg7
23.Kc3 c5 24.Be4 Rb6 25.Rad1 Nc8 26.Nxc8 Bxc8 27.Rd2 h6 28.h4 d6 29.g5 fxg5
30.hxg5 Rxf4 31.gxh6+ Kh8 32.Bc2 e5 33.Rg1 a4 34.Rg6 axb3 35.axb3 Bf5 36.Bxf5 Rxf5
37.Rgxd6 Rf3+ 38.R2d3 Rxd6 39.Rxf3 Rxh6 40.Re3 Rh5 41.b4 cxb4+ 42.Kxb4 Kg7
43.c5 Kf6 44.c6 Ke6 45.Kc5 e4+ 46.Kb6 Kd5 47.c7 Rh6+  1/2-1/2

[Event "Nijmegen"]
[Site "Nijmegen"]
[Date "1982.??.??"]
[Round "?"]
[White "Huebner, Robert"]
[Black "Van Wijgerden, Cornelis"]
[Result "1/2-1/2"]
[WhiteElo "2620"]
[BlackElo "2425"]

1.e4 g6 2.d4 Bg7 3.Be3 c5 4.Nc3 cxd4 5.Bxd4 Nf6 6.e5 Nh5 7.Nge2 d6 8.exd6 Qxd6
9.Bxg7 Qxd1+ 10.Rxd1 Nxg7 11.Nd5 Na6 12.Nec3 Ne6 13.Nb5 Bd7 14.c3 Bc6 15.Bc4 Bxb5
16.Bxb5+ Kf8 17.Bxa6 bxa6 18.O-O Rb8 19.b3 Rb7 20.f4 f5 21.Nb4 Nc5 22.Rd5 Ne4
23.Ra5 Nxc3 24.Nxa6 Kf7 25.Nc5 Rc7 26.Rf3 Ne2+ 27.Kf2 Nd4 28.Re3 Rhc8 29.Nd3 Rc2+
30.Kg3 R8c7 31.h3 Rd2 32.Ne5+ Kg7 33.Nc4 Rc2 34.Kh2 Ne2 35.Rf3 Nc1 36.Rf1 Rxa2
37.Rxa2 Nxa2 38.Ra1 Nc3 39.g4 Ne2 40.gxf5 gxf5 41.Ra2 Nxf4 42.Rf2 Ne6 43.Rxf5 Nc5
44.Rg5+ Kf6 45.Rh5 Nxb3 46.Ne3 e6 47.Rh6+ Ke5 48.Ng4+ Kd6 49.Nf6 Rc2+ 50.Kg3 Nd4
51.Rxh7 Nf5+ 52.Kf3 a5 53.Ne4+ Ke5 54.Ra7 Nd4+ 55.Ke3 Re2+ 56.Kd3 Ra2 57.Nc3 Ra3
58.Rh7 Nf5 59.h4 Ra1 60.h5 Rh1 61.Ne2 Rh3+ 62.Kd2 a4 63.Ra7 a3 64.Ra5+ Kf6
65.Nf4 Rh4 66.Ne2 Rh2 67.Rxa3 Nd4 68.Re3 Kg5 69.Re5+ Kh6 70.Kd3 Rxe2 71.Kxd4  1/2-1/2

[Event "Tilburg"]
[Site "Tilburg"]
[Date "1983.??.??"]
[Round "?"]
[White "Portisch, Lajos"]
[Black "Huebner, Robert"]
[Result "1-0"]
[WhiteElo "2600"]
[BlackElo "2620"]

1.c4 e5 2.Nc3 Nf6 3.g3 Bb4 4.Nf3 Nc6 5.Bg2 O-O 6.O-O e4 7.Ne1 Re8 8.Nd5 h6
9.d3 Bxe1 10.Rxe1 Ne5 11.dxe4 Nxc4 12.Nxf6+ Qxf6 13.Qc2 Qc6 14.Bf4 Ne5 15.Rac1 Qxc2
16.Rxc2 c6 17.Rd1 b6 18.f3 a5 19.Bh3 Ra7 20.Bf5 f6 21.Kf2 Kf8 22.h4 Ke7 23.Bxe5 fxe5
24.Rcd2 Rf8 25.h5 Rc7 26.f4 exf4 27.gxf4 d6 28.Bxc8 Rcxc8 29.Ke3 Rf6 30.Rg1 Kf8
31.f5 Re8 32.Kf4 Re5 33.Rc1 c5 34.Rcd1 Ke7 35.a4 Kd7 36.Rg1 Re7 37.e5 Rxe5
38.Rxg7+ Re7 39.Rg6 Ref7 40.e4 Kc7 41.Rdg2 b5 42.axb5 a4 43.Rxf6 Rxf6 44.Rg7+ Kb6
45.Rg6 Rf8 46.Rxd6+ Kxb5 47.e5 c4 48.e6 a3 49.bxa3 c3 50.Rd1  1-0

[Event "Tilburg"]
[Site "Tilburg"]
[Date "1983.??.??"]
[Round "?"]
[White "Spassky, Boris V"]
[Black "Huebner, Robert"]
[Result "1/2-1/2"]
[WhiteElo "2605"]
[BlackElo "2620"]

1.d4 c5 2.e3 e6 3.Nf3 Nf6 4.c4 d5 5.Nc3 Nc6 6.a3 dxc4 7.Bxc4 Be7 8.O-O O-O
9.dxc5 Qxd1 10.Rxd1 Bxc5 11.b4 Be7 12.Bb2 b6 13.Nb5 a5 14.bxa5 Nxa5 15.Be2 Bb7
16.Be5 Rfd8 17.Rxd8+ Bxd8 18.h3 Be7 19.Rc1  1/2-1/2

[Event "Tilburg"]
[Site "Tilburg"]
[Date "1985.??.??"]
[Round "?"]
[White "Huebner, Robert"]
[Black "Polugaevsky, Lev"]
[Result "1/2-1/2"]
[WhiteElo "2620"]
[BlackElo "2600"]

1.d4 Nf6 2.c4 e6 3.Nc3 Bb4 4.e3 O-O 5.Bd3 c5 6.Ne2 d5 7.a3 cxd4 8.axb4 dxc3
9.Nxc3 Nc6 10.b5 Nb4 11.O-O Nxd3 12.Qxd3 b6 13.cxd5 Nxd5 14.Nxd5 Qxd5 15.Qxd5 exd5
16.Rd1 Be6 17.Rd4 Rfc8  1/2-1/2

[Event "Solingen"]
[Site "Solingen"]
[Date "1986.??.??"]
[Round "?"]
[White "Huebner, Robert"]
[Black "Ostermeyer, Peter"]
[Result "1-0"]
[WhiteElo "2620"]
[BlackElo "2455"]

1.e4 c5 2.Nf3 d6 3.d4 Nf6 4.Nc3 cxd4 5.Nxd4 a6 6.Be2 e5 7.Nb3 Be7 8.O-O O-O
9.Qd3 b5 10.a4 b4 11.Nd5 Bb7 12.a5 Nxd5 13.exd5 Nd7 14.Rd1 f5 15.Qc4 Rb8
16.Ra4 Nf6 17.Rxb4 Qd7 18.Qd3 Bxd5 19.Rxb8 Rxb8 20.Qxa6 Ra8 21.Qd3 f4 22.Bf1 g5
23.c4 Bc6 24.Bd2 Qb7 25.Ra1 Ne4 26.Be1 g4 27.a6 Rxa6 28.Na5 Rxa5 29.Rxa5 Qxb2
30.Qe2 Qxe2 31.Bxe2 h5 32.f3 Nf6 33.Ra6 Bd7 34.Bb4 Ne8 35.Ra7 Nf6 36.fxg4 hxg4
37.Bxg4 Bxg4 38.Rxe7 Ne4 39.c5 dxc5 40.Rxe5  1-0

[Event "Munich"]
[Site "Munich"]
[Date "1988.??.??"]
[Round "?"]
[White "Lau, Ralf"]
[Black "Huebner, Robert"]
[Result "0-1"]
[WhiteElo "2540"]
[BlackElo "2595"]

1.e4 e6 2.d3 c5 3.Nf3 Nc6 4.g3 g6 5.Bg2 Bg7 6.O-O Nge7 7.Re1 d6 8.c3 e5 9.a3 O-O
10.b4 h6 11.Bb2 b6 12.Nbd2 Bb7 13.Qb3 Qd7 14.Rad1 Rad8 15.Nc4 b5 16.Ne3 a6
17.d4 c4 18.Qc2 Qc7 19.d5 Nb8 20.a4 Nd7 21.Bh3 Bc8 22.axb5 axb5 23.Ra1 Nb6
24.Bxc8 Rxc8 25.Ra5 Qd7 26.Rea1 Ra8 27.Nd2 f5 28.Nb1 fxe4 29.Qxe4 Na4 30.Rxa8 Rxa8
31.Bc1 h5 32.Bd2 Kh7 33.Na3 Nb6 34.Nac2 Rxa1+ 35.Nxa1 Qb7 36.Nac2 Nbxd5 37.Nxd5 Qxd5
38.Qxd5 Nxd5 39.Na3 Nc7 40.Be3 e4 41.Bf4 Bxc3 42.Bxd6 Bb2 43.Nc2 Nd5 44.f3 exf3
45.Kf2 Kg7 46.Kxf3 Kf6 47.h3 Be5 48.Bc5 Ke6 49.Bf2 Kd6 50.Bc5+ Ke6 51.Bf2 Bf6
52.Ke4 Nc3+ 53.Kf3 Kd5 54.Ba7 Be7 55.Bf2 Na2 56.Be1 c3  0-1

[Event "Munich"]
[Site "Munich"]
[Date "1988.??.??"]
[Round "?"]
[White "Kindermann, Stefan"]
[Black "Huebner, Robert"]
[Result "1/2-1/2"]
[WhiteElo "2500"]
[BlackElo "2595"]

1.e4 e6 2.d4 d5 3.Nc3 Bb4 4.e5 c5 5.a3 Bxc3+ 6.bxc3 Ne7 7.Qg4 O-O 8.Bd3 Nbc6
9.Qh5 Nf5 10.Nf3 f6 11.exf6 Qxf6 12.Bg5 Qf7 13.Qxf7+ Rxf7 14.dxc5 e5 15.Bb5 h6
16.Bd2 e4 17.Bxc6 bxc6 18.Nd4 Ba6 19.Nxf5 Rxf5 20.Rb1 Bb5 21.Be3 a5  1/2-1/2

[Event "Munich"]
[Site "Munich"]
[Date "1988.??.??"]
[Round "?"]
[White "Huebner, Robert"]
[Black "Van der Sterren, Paul"]
[Result "1/2-1/2"]
[WhiteElo "2595"]
[BlackElo "2470"]

1.e4 c6 2.c4 d5 3.exd5 cxd5 4.d4 Nf6 5.Nc3 e6 6.Nf3 Bb4 7.Bd3 O-O 8.O-O dxc4
9.Bxc4 b6 10.Bg5 Bb7 11.Qd3 Nbd7 12.a3 Bxc3 13.bxc3 Qc7 14.Nd2 Rac8 15.f3 Bd5
16.Bxd5 exd5 17.Rfc1 h6 18.Be3 Rfe8 19.c4 Qc6 20.c5 bxc5 21.dxc5 Ne5 22.Qc3 Nh5
23.Nf1 Nc4 24.Qd4 g5 25.h4 Ng7 26.Bf2 Ne6 27.Qf6 Nxc5 28.Qxc6 Rxc6 29.Rd1 Rd8
30.Ng3 Ne6 31.Nf5 Kh7 32.Bxa7 Ra6 33.Bd4 Nxd4 34.Rxd4 Rxa3  1/2-1/2

[Event "Tilburg"]
[Site "Tilburg"]
[Date "1988.??.??"]
[Round "?"]
[White "Huebner, Robert"]
[Black "Van der Wiel, John TH"]
[Result "1/2-1/2"]
[WhiteElo "2600"]
[BlackElo "2540"]

1.e4 d6 2.d4 Nf6 3.Nc3 g6 4.Bg5 Bg7 5.Qd2 c6 6.Bh6 Bxh6 7.Qxh6 Qa5 8.Bd3 Na6
9.Bxa6 bxa6 10.Qd2 Rb8 11.b3 c5 12.Nge2 cxd4 13.Qxd4 Rb4 14.Qd2 Qc5 15.f3 a5
16.Na4 Qc7 17.O-O O-O 18.Rac1 Bd7 19.Nb2 Rfb8 20.Nd3 R4b7 21.c4 Qb6+ 22.Kh1 Rc7
23.e5 dxe5 24.Nxe5 a4 25.Qf4 axb3 26.axb3 Be8 27.c5 Rxc5 28.Nxf7 Rxc1 29.Nh6+ Kg7
30.Nxc1 Nh5 31.Qe5+ Kxh6 32.g4 Nf6  1/2-1/2

[Event "EU-chT"]
[Site "Haifa"]
[Date "1989.??.??"]
[Round "1"]
[White "Fauland, Alexander"]
[Black "Huebner, Robert"]
[Result "1-0"]
[WhiteElo "2455"]
[BlackElo "2605"]

1.c4 e5 2.g3 Nf6 3.Bg2 c6 4.d4 exd4 5.Qxd4 d5 6.Nf3 dxc4 7.Qxd8+ Kxd8 8.O-O Bb4
9.Na3 Bxa3 10.bxa3 Re8 11.Rd1+ Ke7 12.Ne5 c3 13.Be3 Na6 14.Rac1 Be6 15.Rxc3 Nd5
16.Bxd5 Bxd5 17.Rb1 Reb8 18.Bf4 g5 19.Bxg5+ f6 20.Bh4 Nc7 21.Ng4 Ne8 22.e4 Bxa2
23.Rb2 Be6 24.Nxf6 Nxf6 25.Rf3 b5 26.Rxf6 Rf8 27.Rh6+ Kf7 28.Rd2 Rfe8 29.Rd6 Bc4
30.f3 Kg8 31.Rd7 Bf7 32.Rxc6 a5 33.Rcc7 Bg6 34.Bg5 Rec8 35.Rxc8+ Rxc8 36.Rd8+ Rxd8
37.Bxd8 b4 38.axb4 axb4 39.Ba5 b3 40.Bc3 Kf7 41.Kf2 Ke6 42.Ke3 Kd6 43.Kd4 Bh5
44.g4 Be8 45.f4 h6 46.f5 Bc6 47.Bb2 Ke7 48.h4 Kf7 49.g5 hxg5 50.hxg5  1-0

[Event "EU-chT"]
[Site "Haifa"]
[Date "1989.??.??"]
[Round "3"]
[White "Brunner, Lucas"]
[Black "Huebner, Robert"]
[Result "0-1"]
[WhiteElo "2505"]
[BlackElo "2605"]

1.e4 c5 2.Nf3 d6 3.d4 cxd4 4.Nxd4 Nf6 5.Nc3 Nc6 6.Bc4 e6 7.Be3 Be7 8.Qe2 a6
9.O-O-O Qc7 10.Bb3 O-O 11.Rhg1 Nd7 12.g4 Nc5 13.Nf5 b5 14.Nxe7+ Nxe7 15.Qd2 Rd8
16.Bf4 Qc6 17.Bxd6 Ng6 18.Qd4 Nb7 19.e5 Nxe5 20.Qxe5 Rxd6 21.f4 Rxd1+ 22.Rxd1 Bd7
23.f5 Re8 24.f6 Qc5 25.Qf4 Bc6 26.fxg7 Na5 27.Rf1 Qe7 28.Qe5 Nxb3+ 29.axb3 Rd8
30.b4 Rd7 31.Ne2 Qd6 32.Qe3 Qxb4 33.Nf4 Qa4 34.Kb1 Qd4 35.Qa3 b4 36.Qxa6 b3
37.Qe2 bxc2+ 38.Kc1 Ba4  0-1

[Event "Lugano op"]
[Site "Lugano"]
[Date "1989.??.??"]
[Round "4"]
[White "Maus, Soenke"]
[Black "Huebner, Robert"]
[Result "1-0"]
[WhiteElo "2400"]
[BlackElo "2600"]

1.e4 e6 2.d4 d5 3.Nc3 Bb4 4.e5 c5 5.a3 Bxc3+ 6.bxc3 Ne7 7.Qg4 O-O 8.Bd3 Nbc6
9.Qh5 h6 10.Bxh6 gxh6 11.Qxh6 Nf5 12.Bxf5 exf5 13.O-O-O f4 14.Nh3 Ne7 15.Ng5 Bf5
16.g4 Be4 17.Rhe1 Qb6 18.e6 Bg6 19.Rd3  1-0